01610nam a22004214a 4500001001200000003000800012006001900020007001500039008004100054010001700095015001900112016001800131020004300149020004000192020003800232020003500270040002100305035002100326043001200347050002300359082002100382100002200403245009500425260005000520300001900570490003700589504006400626533015200690650002200842650003500864650002500899651003700924655002900961710001700990830003801007856012601045999001701171ebr10415995CaPaEBRm u cr cn|||||||||090121s2009 caua sb 001 0 eng  z 2009002323 aGBA9406262bnb7 z0151181302Uk z9781598744064 (hardcover : alk. paper) z1598744062 (hardcover : alk. paper) z9781598744071 (pbk. : alk. paper) z1598744070 (pbk. : alk. paper) aCaPaEBRcCaPaEBR a(OCoLC)680626566 ae-ie---14aDA969b.C67 2009eb04a338.4/7914172221 aCosta, Kelli Ann.10aCoach fellash[electronic resource] :bheritage and tourism in Ireland /cKelli Ann Costa. aWalnut Creek, CA :bLeft Coast Press,cc2009. a255 p. :bill.1 aHeritage, tourism, and community aIncludes bibliographical references (p. 227-238) and index. aElectronic reproduction.bPalo Alto, Calif. :cebrary,d2013.nAvailable via World Wide Web.nAccess may be limited to ebrary affiliated libraries. 0aTourismzIreland. 0aTourismxEmployeesxAttitudes. 0aTouristsxAttitudes. 0aIrelandxDescription and travel. 7aElectronic books.2local2 aebrary, Inc. 0aHeritage, tourism, and community.40uhttp://site.ebrary.com/lib/rucke/Doc?id=10415995zAn electronic book accessible through the World Wide Web; click to view c86247d86247